| 000 | 01027nam a2200301Ia 4500 | ||
|---|---|---|---|
| 001 | 004134650 | ||
| 003 | OSt | ||
| 005 | 20250121115316.0 | ||
| 008 | 050221s2000 cc b 000 0 chi d | ||
| 020 | _a9624571775 | ||
| 020 | _a9789624571776 | ||
| 040 | _dBSOP | ||
| 041 | 1 |
_achi _heng |
|
| 066 | _c$1 | ||
| 100 | 1 | _a原著 包衡 Bauckham, Richard. | |
| 245 | 1 | 0 |
_a啓示錄神學 = Qi shi lu shen xue = Theology of the book of Revelation {ch} / _c[原著包衡 ; 翻譯鄧紹光 ; 審閱李金好; yuan zhu Baoheng ; fan yi Deng Shaoguang]. |
| 250 | _a2 ban. | ||
| 260 |
_aXianggang : _bJi dao chu ban she, _c2004. |
||
| 300 |
_axxviii, 235 p. ; _c21 cm. |
||
| 336 |
_2rdacontent _atext |
||
| 337 |
_2rdamedia _aunmediated |
||
| 338 |
_2rdacarrier _avolume |
||
| 490 | 1 | _a聖經硏究叢書(基道出版社) Sheng jing yan jiu xi lie | |
| 500 | _aYi zi: The theology of the book of revelation. | ||
| 504 |
_6880-06 _aFu can kao wen xian. |
||
| 630 | 0 | 0 |
_aBible. _pRevelation _xTheology {ch}. |
| 942 |
_2lcc _cBK _04 |
||
| 999 |
_c37848 _d37848 |
||